| 000 | 00880nas a2200289 4500 | ||
|---|---|---|---|
| 001 | BR2014008083 | ||
| 003 | BR-BrBNA | ||
| 005 | 20231205124831.0 | ||
| 007 | ta | ||
| 008 | 230509b bl.|||p| |||| 00| 00por d | ||
| 040 |
_aBR-BrBNA _bpor _cBiblioteca Nacional de Agricultura |
||
| 041 | _a(En) | ||
| 072 | _aF30; P06 | ||
| 100 | 1 | _aSpineeli, V.M. | |
| 100 | 1 | _aDias, L.A. dos S. | |
| 100 | 1 | _aRocha, R.B. | |
| 100 | 1 | _aResende, M.D.V. | |
| 245 | 1 | _aYield performance of half-sib families of physic nut (Jatropha curcas L.) | |
| 650 | _aJATROPHA CURCAS | ||
| 650 | _aPINHÃO DE PURGA | ||
| 650 | _aPRODUÇÃO | ||
| 650 | _aBIOCOMBUSTÍVEL | ||
| 650 | _aPRODUTIVIDADE | ||
| 773 | 0 |
_tCrop Breeding and Applied Biotechnology (Brazil) _xISSN 1518-7853 _g(Dec 2014), v. 14(1) p. 49-53 _wBR2014008083 |
|
| 909 |
_a202311 _bLúcia _c55 _dLúcia Elande |
||
| 942 |
_2AGRIS _n0 _cANA |
||
| 999 |
_c241148 _d241148 |
||